Khối lượng hiệu dụng của trường Dây với chiều không gian co gọn Luận văn Thạc sĩ. Chuyên ngành: Vật lý lý thuyết - Vật lý tóan

Luận văn trình bày một số vấn đề trong Lý thuyết Dây, đặc biệt là sự liên quan giữa các chiều không gian phụ trội và các giá trị khối lượng hiệu dụng của các trường thành phần trong trường Dây....

Disgrifiad llawn

Wedi'i Gadw mewn:
Manylion Llyfryddiaeth
Prif Awdur: Huỳnh, Thị Thuý Kiều
Fformat: Llyfr
Iaith:Undetermined
Cyhoeddwyd: Cần Thơ Trường Đại học Cần Thơ 2010
Pynciau:
Tagiau: Ychwanegu Tag
Dim Tagiau, Byddwch y cyntaf i dagio'r cofnod hwn!
Thư viện lưu trữ: Trung tâm Học liệu Trường Đại học Cần Thơ
LEADER 01397nam a2200217Ia 4500
001 CTU_161689
008 210402s9999 xx 000 0 und d
082 |a 530.14 
082 |b K309 
088 |a 60440103 
100 |a Huỳnh, Thị Thuý Kiều 
245 0 |a Khối lượng hiệu dụng của trường Dây với chiều không gian co gọn 
245 0 |b Luận văn Thạc sĩ. Chuyên ngành: Vật lý lý thuyết - Vật lý tóan 
245 0 |c Huỳnh Thị Thuý Kiều ; Đào Vọng Đức ( Hướng dẫn khoa học) 
260 |a Cần Thơ 
260 |b Trường Đại học Cần Thơ 
260 |c 2010 
520 |a Luận văn trình bày một số vấn đề trong Lý thuyết Dây, đặc biệt là sự liên quan giữa các chiều không gian phụ trội và các giá trị khối lượng hiệu dụng của các trường thành phần trong trường Dây. 
650 |a Lý thuyết trường lượng tử,Field theory (Physics),Condensed matter,Quantum groups,Mathematical physics,Lý thuyết trường (Vật lý),Chất cô đặc,Nhóm lượng tử,Vật lý tóan học,Quantum field theory 
904 |i Linh Cát, Trọng Hiếu 
980 |a Trung tâm Học liệu Trường Đại học Cần Thơ